01642nab a2200445 a 450000100060000000300080000600500170001400600190003100700150005000800410006502200270010603500210013304000260015405000230018008000160020322200420021924501570026126000640041830000170048236200410049953301640054054600560070465000210076065000300078165000210081165000200083265000290085265000130088165000150089465000200090965000190092965000190094865300150096765500320098270000410101471000190105574000430107485600620111799900170117980949FlNmELB20241217151813.0m o d | cr cn|||||||||130704s2004 sp s 000 0 spa d a1135-5727z113557-2734 a(OCoLC)955376696 aFlNmELBbspacFlNmELB 4aRC223bB874 2004eb a616.5-053.9 0aRevista Española de Salud Pública00aBrote de escabiosis en una residencia para personas mayores en la provincia de Huescah[recurso electronico]cAlberto Larrosa Montañés, ...[et al.]. aMadrid :bRed Revista Española de Salud Pública,c2004. a[107]-114 p.0 aVol. 78, Núm. 1 (Enero-Feb. 2004)- aRecurso electrónico. Santa Fe, Arg.: e-libro, 2015. Disponible vía World Wide Web. El acceso puede estar limitado para las bibliotecas afiliadas a e-libro. aArtículos en castellano; resúmenes en inglés. 4aEpidemiología. 4aEnfermedades infecciosas. 4aSalud pública. 4aGerontología. 4aEnfermedades de la piel. 0aScabies. 0aEpidemics. 0aSkinxDiseases. 0aPublic health. 0aOld age homes. aEscabiosis 4aArtículos electrónicos.1 aLarrosa Montañés, Alberto,eaut.2 ae-libro, Corp.02aRevista Española de Salud Pública.40uhttps://elibro.net/ereader/politecnicointernacional/15428 c80949d80949